00249nam a2200085Ia 450000100070000000500170000700800410002424500790006526000190014471955520250826163045.0250824s9999 xx 000 0 und d 0aBAŞKALARININ NE DÜŞÜNDÜĞÜNDEN SANA NEcRİCHARD P. FEYNMAN bALFA YAYINLARI